Music Quiz

Random Music or Song Quiz

'A' Bands Quiz Stats

 Plays Quiz Updated Nov 12, 2018

     
Support Sporcle.
Go Orange.
Score 0/20 Timer 05:00
84 Plays Today
Songs Band % Correct
Dream On, Cryin', Janie's Got a GunAerosmith
88.3%
Waterloo, Mamma Mia, FernandoABBA
79.4%
Let There Be Rock, Shoot to Thrill, Hells BellsAC/DC
76.9%
A Horse with No Name,
Sister Golden Hair, Tin Man
America
52.9%
It Ends Tonight, Swing Swing, Dirty Little Secret(The) All American Rejects
48.8%
Don't Turn Around, The Sign, All That She WantsAce of Base
44.1%
Jessica, Melissa, Midnight Rider(The) Allman Brothers Band
39.6%
No Excuses, Nutshell, Man in the BoxAlice In Chains
35.3%
Heat of the Moment, Only Time Will Tell, Don't CryAsia
34%
All Out of Love, Lost In Love,
Making Love Out Of Nothing
Air Supply
32.8%
Songs Band % Correct
Miss Murder, Medicate, Dancing Through SundayAFI
29.7%
Show Me How to Live, Be Yourself, CochiseAudioslave
25.3%
Mountain Music, Love in the First Degree,
Why Lady Why
Alabama
23%
Almost Easy, Chapter Four, Bat CountryAvenged Sevenfold
18.7%
Tennessee, Everyday, Mr. WendalArrested Development
18.6%
Rebellion, Wake Up, No Cars Go Arcade Fire
17.9%
Madhouse, Caught in a Mosh, I'm the ManAnthrax
15.2%
Dear Maria, Count Me In,
Six Feet Under The Stars,
Poppin' Champagne
All Time Low
13.7%
Pick Up the Pieces, Cut The Cake,
A Love Of Your Own
Average White Band
10.4%
Time to Waste, We've Had Enough, All on BlackAlkaline Trio
6.3%

From the Vault

10-Letter Movies Slideshow II

by ghcgh

Movies 8m
May the schwartz be with you.
Remove Ads.
Support Sporcle.
Get the best of Sporcle when you Go Orange. This ad-free experience offers more features, more stats, and more fun while also helping to support Sporcle. Thank you for becoming a member.

Show Comments

Extras

Top Quizzes Today


Score Distribution

Your Account Isn't Verified!

In order to create a playlist on Sporcle, you need to verify the email address you used during registration. Go to your Sporcle Settings to finish the process.

Report this User

Report this user for behavior that violates our Community Guidelines.

Details: